00354nam a22001337a 4500020001800000040000900018082001500027100001800042110001700060245003500077250001600112260004200128650005000170 a9788126543953 cNust a620.1bMER aMeriam, L. J: aKraige, G. L aEngineering Mechanics Dynamics a7th Edition aIndia:bJohn Wiley & Sons Inc,c2016. aDEE Textbook. Engineering Mechanics Dynamics: